El membrillo de Estambul : balada para tres hombres y una mujer = La cotogna di Istanbul : ballata per tre uomini e una donna /
Kaydedildi:
| Yazar: | |
|---|---|
| Diğer Yazarlar: | |
| Materyal Türü: | Elektronik Ekitap |
| Dil: | İspanyolca İtalyanca |
| Baskı/Yayın Bilgisi: |
Madrid, España :
Sexto Piso,
2019.
|
| Edisyon: | Primera edición. |
| Seri Bilgileri: | Poesía Sexto Piso.
|
| Konular: | |
| Online Erişim: | Digitalia Hispánica |
| Etiketler: |
Etiketle
Etiket eklenmemiş, İlk siz ekleyin!
|
MARC
| LEADER | 00000nam a2200000Ii 4500 | ||
|---|---|---|---|
| 001 | DIGSEXPIS0087 | ||
| 003 | NyNyDIG | ||
| 006 | m o d | ||
| 007 | cr ||||||||||| | ||
| 008 | 230610s2019 sp o 000 p spa d | ||
| 035 | |a (OCoLC)1382358439 | ||
| 040 | |a DGITA |b eng |e rda |e pn |c DGITA | ||
| 020 | |a 9788417517892 |q eBook | ||
| 020 | |z 9788416677849 | ||
| 041 | 1 | |a spa |h ita | |
| 050 | 1 | 4 | |a PQ4878.U56 ebook |
| 100 | 1 | |a Rumiz, Paolo, |e author. | |
| 245 | 1 | 3 | |a El membrillo de Estambul : |b balada para tres hombres y una mujer = La cotogna di Istanbul : ballata per tre uomini e una donna / |c Paolo Rumiz ; traducción de Álida Ares. |
| 246 | 3 | 1 | |a Cotogna di Istanbul : |b ballata per tre uomini e una donna |
| 250 | |a Primera edición. | ||
| 264 | 1 | |a Madrid, España : |b Sexto Piso, |c 2019. | |
| 300 | |a 1 online resource. | ||
| 336 | |a text |b txt |2 rdacontent | ||
| 337 | |a computer |b c |2 rdamedia | ||
| 338 | |a online resource |b cr |2 rdacarrier | ||
| 347 | |a text file |2 rdaft | ||
| 347 | |b EPUB | ||
| 490 | 1 | |a Poesía Sexto Piso | |
| 588 | 0 | |a Online resource; title from ePub title page (Digitalia, viewed June 10, 2023) | |
| 655 | 7 | |a Poetry. |2 lcgft | |
| 700 | 1 | |a Ares Ares, Álida, |e translator. | |
| 700 | 1 | 2 | |i Container of (work): |a Rumiz, Paolo. |t Cotogna di Istanbul. |
| 700 | 1 | 2 | |i Container of (expression): |a Rumiz, Paolo. |t Cotogna di Istanbul. |l Spanish |s (Ares Ares) |
| 791 | 2 | |a Digitalia (Firm), |e distributor. | |
| 793 | 0 | |g Digitalia eBook Collection: |a Editorial Sexto Piso | |
| 776 | 0 | 8 | |i Print version: |a Rumiz, Paolo. |t Membrillo de Estambul. |b Primera edición. |d Madrid, España : Sexto Piso, [2019] |z 9788416677849 |
| 830 | 0 | |a Poesía Sexto Piso. | |
| 856 | 4 | 0 | |3 Digitalia Hispánica |u https://digitalia.unach.elogim.com/a/81350/ |
| 910 | |a Premium collection: 2023 | ||